| 000 | 01739nam a2200457 a 4500 | ||
|---|---|---|---|
| 003 | CHAP | ||
| 005 | 20250129143134.0 | ||
| 007 | cr ||||||a|c|a | ||
| 008 | 110207s2010 mx r 00010 spa d | ||
| 035 | _a112112 | ||
| 040 | _cCHAP | ||
| 090 | _aTesis | ||
| 100 | 1 |
_aMartínez Olvera, Laura. _972359 |
|
| 245 | 1 | 3 |
_aLa gestión del agua subterránea en San Pablo Ixáyoc, San Jerónimo, Coatlinchan y Texcoco _c/por Laura Martínez Olvera; director de tesis César Adrián Ramírez Miranda. |
| 264 | 1 |
_aChapingo, Méx. : _bEl autor, _c2010. |
|
| 300 |
_a1 recurso en línea (113 páginas) : _bfiguras, tablas. |
||
| 336 |
_2rdacontent _atexto _btxt |
||
| 337 |
_2rdamedia _acomputadora _bc |
||
| 338 |
_2rdacarrier _arecursos en línea _bcr |
||
| 502 |
_bMCDRR _cDCRU _d2010. _gMAE |
||
| 590 |
_aALEPH _b10 _c20130110 |
||
| 590 |
_aBATCH-UPD _b10 _c20130110 |
||
| 590 |
_aBATCH-UPD _b10 _c20130410 |
||
| 590 |
_aBATCH-UPD _b10 _c20130914 |
||
| 590 |
_aBATCH-UPD _b10 _c20140324 |
||
| 590 |
_aBATCH-UPD _b10 _c20141002 |
||
| 590 |
_aCONVERSION _b10 _c20130109 |
||
| 650 | 1 | 4 |
_aAgua para irrigacion. _92430 |
| 650 | 1 | 4 |
_aAgua potable. _92442 |
| 650 | 1 | 4 |
_aAgua subterranea _xAprovechamiento. _92454 |
| 650 | 1 | 4 |
_aAgua subterranea _zMexico (Edo.). _92488 |
| 650 | 1 | 4 |
_aComunidad _xOrganización. _926248 |
| 700 | 1 |
_aRamírez Miranda, César Adrián _994152 _eDirector de tesis |
|
| 856 |
_uhttp://10.13.5.2/tesis/112112.pdf _zDESCARGAR PDF |
||
| 901 | _aBK | ||
| 942 |
_cTD _2Clasificación Universidad Autónoma Chapingo |
||
| 949 |
_aTesis _bBC _cTES _d33724002232652 _eTS1 _gDonaciØn _h51904 _i112112 _st |
||
| 949 |
_aTesis _bBC _cTES _d33724002232694 _eTS2 _fc.2 _gDonaciØn _h51905 _i112112 _st |
||
| 999 |
_c100452 _d100452 |
||